| 000 | 01850nam a2200541 i 4500 | ||
|---|---|---|---|
| 001 | 51683 | ||
| 003 | KOSZ 005 | ||
| 005 | 20220316085151.0 | ||
| 008 | 060715s2006 pl a |001 0 pol | ||
| 015 | _aUWD 2006/14995 | ||
| 020 | _a8360174296 | ||
| 035 | _a991031003919705066 | ||
| 035 | _a(PL-WaBN)b18346200-48omnis_nlop | ||
| 035 | _ab18346200 | ||
| 035 | _a(OCoLC)749774588 | ||
| 035 | _a(PL)b0000001834620 | ||
| 035 | _a(EXLNZ-48OMNIS_NETWORK)9910221009205606 | ||
| 040 |
_aWA N _cWA N _dKOSZ 005/HR |
||
| 041 | 1 |
_apol _heng |
|
| 046 | _k2006 | ||
| 080 | _a913(520) | ||
| 080 | _a(036) | ||
| 245 | 0 | 0 |
_aJaponia / _c[project ed. Scott Rutherford ; przygot. ed. pol. Bogdan Rudnicki ; tł. A. Wolski, S. Wolska]. |
| 246 | 1 |
_iTyt. oryg.: _aJapan |
|
| 260 |
_aWarszawa : _bMediaprofit, _c2006 |
||
| 300 |
_a398, [1] s. : _bil. (gł. kolor.) ; _c23 cm. |
||
| 336 |
_aTekst _btxt _2rdacontent |
||
| 337 |
_aBez urządzenia pośredniczącego _bn _2rdamedia |
||
| 338 |
_aWolumin _bnc _2rdacarrier |
||
| 380 | _aKsiążki | ||
| 380 | _aPoradniki i przewodniki | ||
| 388 | _a2001- | ||
| 490 | 1 |
_aBiblioteka Gazety Wyborczej. Podróże Marzeń ; _v28 |
|
| 504 | _aIndeks. | ||
| 650 | 7 | _aTurystyka | |
| 651 | 7 |
_aJaponia _2DBN |
|
| 655 | 7 |
_aPrzewodnik turystyczny _2DBN |
|
| 658 | _aPodróże i turystyka | ||
| 700 | 1 |
_aRudnicki, Bogdan _eOpracowanie |
|
| 700 | 1 |
_aRutherford, Scott _eRedakcja |
|
| 700 | 1 |
_aWolska, Sabina _eTłumaczenie |
|
| 700 | 1 |
_aWolski, Andrzej _c(tłumacz) _eTłumaczenie |
|
| 710 | 2 |
_aMediaprofit _4pbl |
|
| 830 | 0 |
_aBiblioteka Gazety Wyborczej. _pPodróże Marzeń _v28 |
|
| 856 |
_uhttp://koha.tu.koszalin.pl/cgi-bin/koha/opac-detail.pl?biblionumber=51683 _yKatalog online BPK |
||
| 942 |
_2UKD _cKS |
||
| 999 |
_c51683 _d51683 |
||